Spy Myung-wol [ episode 1 -22

General viewing for all ages (U)

Bibliographic Details
Main Author: Hwang In-hyuk
Format: Book
Published: Korea : s.n. , 20
Subjects:

MARC

LEADER 00000cam a2200000 7i4500
001 0000166325
005 20120927.0
090 0 0 |a F   |b SPY 
100 0 |a Hwang In-hyuk 
245 1 0 |a Spy Myung-wol [  |h digital video disc] :   |b episode 1 -22   |c Hwang Im-hyuk 
260 |a Korea :   |b s.n. ,   |c 20 
300 |a 5 digital video disc (420 minutes) :   |b col 
500 |a Library has 1 copy 
520 0 |a General viewing for all ages (U) 
650 0 0 |a TV series, Korean 
999 |a AV 30473   |b DIGITAL VIDEO DISC   |c PINJAMAN   |e PERPUSTAKAAN KOMUNITI PETALING JAYA